Formulación de dos productos utilizando como materia prima la piña

El persente trabajo se toma en cuenta que la jalea y la mermelada artesanal tiene una gran aceptación por parte de la población, pero esta al ser elaborada por artesanos empiricos carece de tecnicas de medicion y control de calidad.

Bibliographic Details
Main Authors: Amador Midence Adolfo, Gutiérrez Gutiérrez, Wilber
Other Authors: Tutor: Acevedo Lugo, Ernesto
Format: Tesis Section = Libro
Language:Undetermined
Spanish
Published: Managua UNI 2012
Subjects:
LEADER 00902nam a2200217Ia 4500
008 240830s9999 xx 000 0 und d
040 |a CEDOC DACA-RUSB / T.Mon 664 M629  
041 |a spa 
082 |a T.Mon 664 M629  
100 1 |a Amador Midence Adolfo 
100 1 |b  Gutiérrez Gutiérrez, Wilber 
245 1 0 |a Formulación de dos productos utilizando como materia prima la piña 
260 |a Managua  |b UNI  |c 2012 
300 |a 41 p: il  
502 |a Tesis (Ingeniero Químico) -UNI, 2012. 
520 3 |a El persente trabajo se toma en cuenta que la jalea y la mermelada artesanal tiene una gran aceptación por parte de la población, pero esta al ser elaborada por artesanos empiricos carece de tecnicas de medicion y control de calidad. 
650 7 |a ALIMENTOS - PREPARACION Y CONSERVACION GENERAL 
700 1 |a Tutor:  |b Acevedo Lugo, Ernesto 
942 |c BK  |2 ddc 
991 |a TESIS 
999 |c 25998